| 000 | 00515 a2200181 4500 | ||
|---|---|---|---|
| 003 | OSt | ||
| 005 | 20240208121302.0 | ||
| 008 | 240208b |||||||| |||| 00| 0 eng d | ||
| 020 | _a9788195081608 | ||
| 040 | _cOCLC | ||
| 082 |
_a894.8124 _bGEO/P |
||
| 100 |
_aGeorge, V Sherin _910427 |
||
| 245 |
_aPrethaavahana vidhya / _cSherin V George |
||
| 250 | _a1st ed. | ||
| 260 |
_aKodungallur: _bPulitzer Books, _c2021. |
||
| 300 | _a87p. | ||
| 942 |
_2ddc _cBK _h894.8124 _iGEO/P _k894.8124 _mGEO/P |
||
| 999 |
_c44396 _d44396 |
||